000 00385 a2200169 4500
001 44783
020 _a8526263498
040 _cAnchieta - Aquarius
100 _aHuainningg, Franz-Joseph
240 1 0 _aNós falamos com as mãos
_lpor
245 1 0 _aNós falamos com as mãos
300 _a27
362 0 _a2006
440 1 _aScipione
650 4 _aLiteratura juvenil
942 _cBK
999 _c44783
_d44783